Focus sur: Orodreth - Tolkien - Statistiques

Statistiques générales
  • Ce quiz a été pris 9 fois
  • Le résultat moyen est 6 sur 10
Statistiques - réponses
Informations recherchées Réponses % Correct
Espèce Homme
100%
Profession et titre Intendant du Gondor
100%
Première mention Le Seigneur des Anneaux: Le Retour du Roi
100%
Age durant lequel il vécut Troisième
100%
Contrée Gondor
86%
Cité Minas Anor
86%
Lignée (partiellement) Númenor
57%
Père Belechtor Ier
0%
Fils Ecthelion Ier
0%
Sœur Morwen
0%
Aucun quiz correspondant
Distribution des résultats
% des personnes avec chaque résultat
Percentile par nombre de réponses
Votre historique - résultats
Vous n’avez pas pris ce quiz